Countries Toto has Visited - Statistics

General Stats
  • This quiz has been taken 30 times
  • The average score is 43 of 52
Answer Stats
Continent Country % Correct
Europe Poland
100%
Europe United Kingdom
100%
Oceania Australia
96%
South America Brazil
96%
Europe Denmark
96%
Europe France
96%
Europe Germany
96%
Europe Netherlands
96%
Europe Norway
96%
Europe Sweden
96%
Europe Austria
92%
Europe Belgium
92%
North America Canada
92%
Europe Finland
92%
Europe Greece
92%
Europe Italy
92%
Asia Japan
92%
Europe Spain
92%
Europe Switzerland
92%
North America United States of America
92%
South America Argentina
88%
South America Chile
88%
North America Mexico
88%
Asia Philippines
88%
South America Colombia
84%
Europe Estonia
84%
Europe Hungary
84%
Oceania New Zealand
84%
Europe Slovenia
84%
Africa South Africa
84%
Asia South Korea
84%
Asia Thailand
84%
South America Uruguay
84%
Europe Ireland
80%
Europe Bulgaria
76%
North America Costa Rica
76%
Europe Iceland
76%
Europe Latvia
76%
Europe Luxembourg
76%
North America Panama
76%
South America Peru
76%
Europe Croatia
72%
Europe Czech Republic
72%
Europe Monaco
68%
North America Guatemala
64%
Europe Serbia
64%
Asia Singapore
64%
Asia Indonesia
60%
Asia Malaysia
60%
North America Trinidad and Tobago
56%
Asia United Arab Emirates
56%
Europe North Macedonia
52%
No matching quizzes found
Score Distribution
Percent of People with Each Score
Percentile by Number Answered
Your Score History
You have not taken this quiz